| 000 | 00434nam a22001697a 4500 | ||
|---|---|---|---|
| 003 | MPLRDC | ||
| 005 | 20220104144153.0 | ||
| 008 | 210129b ||||| |||| 00| 0 eng d | ||
| 082 | _a140.7 LJX | ||
| 100 | _a格拉齐安斯基等著 | ||
| 245 |
_a世界著名思想家评传 _c颜品忠等译 |
||
| 250 | _a初版 | ||
| 260 |
_a _b商务印书馆 _c1993 |
||
| 300 | _b平 | ||
| 650 | _a西洋哲学总论 | ||
| 942 |
_cBK _o140.7 LJX |
||
| 999 |
_c47057 _d47047 |
||